000 01577nam a2200241 a 4500
001 BS0003017
003 BR-BrBNA
005 20230418192209.0
008 230308b |||||||| |||| 00| 0 por d
040 _aBR-BrBNA
_bpor
_cBiblioteca Nacional de Agricultura
041 _apor
072 _aB52
090 _aB52 BS0003017
100 1 _aSantana, Pedro Marques de.
245 1 _aDependência e superexploração do trabalho no capitalismo comtemporâneo /
260 3 _aBrasília, DF:
_bInstituto de Política Econômica Aplicada.,
_c2013.
300 _a130 p.
520 3 _aA compreensão da realidade e, como desdobramento, alguma contribuição para as ciências sociais aplicadas requerem boa dose de inconformismo, capacidade de aprofundamento, disciplina quase religiosa e desapego às exigências do tradicionalismo. Neste livro de Pedro Marques, estas características estão reunidas, e o resultado é uma leitura alentada do papel que a relação capital-trabalho desempenha no desenvolvimento desigual das nações capitalistas, bem como da tendência à generalização da superexploração. Ao instituir o Prêmio ABET Mundos do Trabalho em Perspectiva Multidisciplinar, a ABET consolida, com esta terceira edição (2013), promovida em parceria com o Ipea, o sentido do debate contemporâneo sobre as transformações do capitalismo, via recuperação da categoria da superexploração do trabalho que o autor desenrola, convidando-nos à leitura.
650 _aCAPITALISMO
650 _aTRABALHO
909 _a202304
_bSergio Santos
_c56
_dSergio Santos
942 _cBK
999 _c8079
_d8079